000 00840nam a22002057a 4500
010 _aB-080047
020 _c125.00
035 _aB-080047
037 _bCen Lib / Ret
040 _aDPL
_bEN
082 _a306.09545
_bTRA
245 _aTraditional customs and rituals of northeast India :
_bArunachal Pradesh, Meghalaya, Manipur, Assam /
_cedited by P C Sarma ;
260 _aGuwaati
_bVivekananda Kendra Institute of Culture.
_c2002
270 _a5, Singarachari Street, Triplicane
_bChennai
_e600005
300 _a(v 1. xiv, 222p)
_b24cm(Hb)
650 _aRites and ceremonies -- India, Northeastern -- Congresses.
650 _aIndia, Northeastern -- Social life and customs -- Congresses.
650 _aArunāchal Pradesh (India) -- Social life and customs -- Congresses.
942 _2ddc
_cEN
_h306.09545
_mTRA
999 _c136619
_d136619